Manual del Derecho Internacional Privado (Registro nro. 4253)

Detalles MARC
000 -LEADER
fixed length control field 01675 a2200217 4500
001 - CONTROL NUMBER
control field 46854
005 - DATE AND TIME OF LATEST TRANSACTION
control field 20260407155739.0
008 - FIXED-LENGTH DATA ELEMENTS--GENERAL INFORMATION
fixed length control field 260407a1984 arg spa d
003 - CONTROL NUMBER IDENTIFIER
control field AR-UNSa-BCEJYS
040 ## - CATALOGING SOURCE
Original cataloging agency AR-UNSa-BCEJYS
Language of cataloging spa
Transcribing agency AR-UNSa-BCEJYS
080 ## - UNIVERSAL DECIMAL CLASSIFICATION NUMBER
Universal Decimal Classification number 341.9
Common auxiliary subdivision Derecho Internacional Privado. Conflictos de Leyes
020 ## - INTERNATIONAL STANDARD BOOK NUMBER
International Standard Book Number 950-21-0020-4
100 1# - MAIN ENTRY--PERSONAL NAME
Personal name Kaller de Orchansky, Berta
245 10 - TITLE STATEMENT
Title Manual del Derecho Internacional Privado
250 ## - EDITION STATEMENT
Edition statement 6a.ed.
264 #1 - PRODUCTION, PUBLICATION, DISTRIBUTION, MANUFACTURE, AND COPYRIGHT NOTICE
Place of production, publication, distribution, manufacture Buenos Aires :
Name of producer, publisher, distributor, manufacturer Plus Ultra
Date of production, publication, distribution, manufacture, or copyright notice 1984
300 ## - PHYSICAL DESCRIPTION
Extent 711 p.
Dimensions 23 cm.
505 ## - FORMATTED CONTENTS NOTE
Formatted contents note 1. Introducción - 2. Historia del derecho internacional privado (Las doctrinas estatutarias) - 3. Historia del derecho internacional privado (La doctrina angloamericana) - 4. Las normas jurídicas indirectas. Las calificaciones. La cuestión previa. El fraude a la ley - 5. La teoría del reenvío. El derecho extranjero en el proceso. El orden público - 6. El domicilio - 7. Las personas físicas. Los incapaces y su protección - 8. Personas jurídicas de carácter público y de carácter privado - 9. El matrimonio - 10. Separación y divorcio. Bigamia. La filiación. La adopción - 11. Sucesiones - 12. Cosas y derechos reales. La lex rei sitae. La ley personal. La prescripción adquisitiva. El buque y su relación jurídica. La propiedad espiritual - 13. Forma de los actos jurídicos. La regla locus regit actum. Soluciones - 14. De las obligaciones - 15. Derecho internacional privado comercial - 16. Sociedades comerciales - 17. Derecho procesal internacional - 18. Régimen de la quiebra extranacional - 19. Derecho penal internacional.
590 ## - LOCAL NOTE (RLIN)
Local note niveau_biblio:m niveau_hierar:0
942 ## - ADDED ENTRY ELEMENTS (KOHA)
Koha item type
Existencias
Withdrawn status Lost status Damaged status Not for loan Home library Current library Shelving location Date acquired Total checkouts Full call number Barcode Date last seen Price effective from Koha item type
        Biblioteca Prof. Eusebio Cleto del Rey Biblioteca Prof. Eusebio Cleto del Rey   07/04/2026   341.9 K14 6ed. L53449 07/04/2026 07/04/2026 Libro
        Biblioteca Prof. Eusebio Cleto del Rey Biblioteca Prof. Eusebio Cleto del Rey   07/04/2026   341.9 K14 6ed. L53448 07/04/2026 07/04/2026 Libro